Logo Biblioteca

Cuentos de terror / (Registro nro. 394)

Detalles MARC
000 -LEADER
fixed length control field 00513nam a22001817a 4500
003 - CONTROL NUMBER IDENTIFIER
control field OSt
005 - DATE AND TIME OF LATEST TRANSACTION
control field 20250306083749.0
008 - FIXED-LENGTH DATA ELEMENTS--GENERAL INFORMATION
fixed length control field 241209s2008 ag ||||| |||| 00| 1 spa d
020 ## - INTERNATIONAL STANDARD BOOK NUMBER
International Standard Book Number 9789501323405
040 ## - CATALOGING SOURCE
Transcribing agency besoc
245 00 - TITLE STATEMENT
Title Cuentos de terror /
Statement of responsibility, etc. Emilse Salussoglia ... [et al.]
260 ## - PUBLICATION, DISTRIBUTION, ETC.
Place of publication, distribution, etc. Buenos Aires :
Name of publisher, distributor, etc. Kapelusz,
Date of publication, distribution, etc. 2008
300 ## - PHYSICAL DESCRIPTION
Extent 175 p.
490 ## - SERIES STATEMENT
Series statement Golu
650 #4 - SUBJECT ADDED ENTRY--TOPICAL TERM
Topical term or geographic name entry element Literatura universal
Form subdivision Cuentos
General subdivision Terror
-- Colección juvenil
700 1# - ADDED ENTRY--PERSONAL NAME
Personal name Salussoglia, Emilse
Relator term prologuista
942 ## - ADDED ENTRY ELEMENTS (KOHA)
Source of classification or shelving scheme Universal Decimal Classification
Koha item type Obra General
Suppress in OPAC No
Existencias
Withdrawn status Lost status Source of classification or shelving scheme Damaged status Not for loan Collection Home library Current library Date acquired Total checkouts Full call number Barcode Date last seen Price effective from Koha item type
    Universal Decimal Classification     Colección General Biblioteca Escuela de Ciencias Sociales Biblioteca Escuela de Ciencias Sociales 09/12/2024   82-34 C965 000172 09/12/2024 09/12/2024 Obra General
Biblioteca de la Escuela Preuniversitaria en Ciencias Sociales y Humanísticas.
Riobamba 250 bis.
CP 2000 - Rosario - Santa Fe
E-Mail: biblioteca@esociales.unr.edu.ar